000 00546nam a2200217Ia 4500
003 OSt
005 20220928144958.0
006 a|||||r|||| 00| 0
007 ta
008 220927b |||||||| |||| 00| 0 eng d
024 _a77751
037 _cTextual
040 _aSDCL
_cSDCL
_beng
041 _2eng
_aeng
082 _aS0aNQ, M4
100 _aDeregowski J B
_9510879
245 0 _aDistortion in art
_b The eye and the mind.
260 _c1984
942 _hS0aNQ, M4
_cTEXL
_2CC
999 _c831073
_d831073